| 000 | 00676nam a2200205Ii 4500 | ||
|---|---|---|---|
| 003 | JO-AjNU | ||
| 008 | 230605s9999||||xx |||||||||||||| ||und|| | ||
| 040 |
_aJO-AjNU _bara _erda _cJO-AjNU |
||
| 041 | _aara | ||
| 050 | 1 | 4 | _aCT263.A7M39.2002 |
| 100 | 3 |
_aفرادوارد، موريس, _eauthor _936599 |
|
| 245 | 0 | 0 | _aموسوعة مشاهير العالم ج5 : اعلام الفكر السياسي |
| 250 | _aط1 | ||
| 264 | 3 | 1 | _aبيروت: دار الصداقة، 2002 |
| 300 | _a112ص | ||
| 336 |
_atext _btxt _2rdacontent |
||
| 337 |
_aunmediated _bn _2rdamedia |
||
| 338 |
_avolume _bnc _2rdacarrier |
||
| 650 | 4 |
_aالاعلام السياسيون-تراجم _936600 |
|
| 999 |
_aA15220 _c18788 _d18788 |
||